000
00212 a2200097 4500
001
44120
100
_a
Vernadsky G
245
_a
The Mongols Russia
260
_a
_b
Yale university pre
_c
090
_c
27864
_d
27864
942
_a
NUST-CAE
_c
M
_c
19851
999
_c
279193
_d
279193